| 000 | 00345nam a2200133Ia 4500 | ||
|---|---|---|---|
| 005 | 20260328104302.0 | ||
| 008 | 260328s9999||||xx |||||||||||||| ||und|| | ||
| 100 | _aBaker, George P. | ||
| 245 | 0 |
_aAugustus : _b The Golden Age Of Rome / _cGeorge P. Baker |
|
| 260 | _bCooper Square Press | ||
| 300 | _a324 p. | ||
| 650 | _aHISTORIA | ||
| 942 | _cBK | ||
| 999 |
_c10635 _d10635 |
||